000 00432nam a2200157 i 4500
001 44972
003 ES-MaACL
005 20230906161128.0
007 t|
008 030324s1965 mx ||||1| spa d
100 1 _aCobas Reyes, Mario.
_939334
245 1 0 _aMentiras fabulosas sobre Cuba /
_cMario Cobas Reyes.
260 _aMéxico :
_bBotas,
_c1965.
300 _a62 p., 2 lám. ;
_c22 cm.
852 _aES-MaACL
_jC-29595
_bR.60061
999 _c44972
_d44972